| 000 | 00896nam a2200289 a 4500 | ||
|---|---|---|---|
| 003 | DO-SdBNP | ||
| 005 | 20180222085128.0 | ||
| 008 | 110411s1990 sp a 000 j spa d | ||
| 020 | _a8434832755 | ||
| 040 |
_aBPMSU _bspa _cBPMSU |
||
| 092 |
_aXXXX _bXXXX |
||
| 100 | 1 | _aFarias, Juan | |
| 245 | 1 | 3 |
_aLa espada de Liuva / _cJuan Farias ; ilustraciones Tino Gatagán ; colección dirigida por Isabel Cano, Jesús Larriba. |
| 260 |
_aMadrid : _bSM, _c1990. |
||
| 300 |
_a123 p. : _bil. ; _c17 cm. |
||
| 490 | 0 |
_aCatamarán _v26 |
|
| 521 | 1 | _aA partir de 12 años. | |
| 650 | _2NOVELA INFANTIL ESPAÑOLA | ||
| 650 | _2LITERATURA INFANTIL ESPAÑOLA | ||
| 700 | 1 |
_aCano, Isabel _edir. colección |
|
| 700 | 1 |
_aLarriba, Jesús _edir. colección |
|
| 700 | 1 |
_aGatagán, Tino _eil. |
|
| 830 | 0 |
_aCatamarán _v26 |
|
| 942 |
_2ddc _cBK |
||
| 945 | _aInventariado, 2018/ YL | ||
| 956 |
_aYLOCKWARD _b10 _cBPMSU |
||
| 999 |
_c8678 _d8678 |
||